POTTER & PERRY'S FUNDAMENTALS OF NURSING (Record no. 8172)
[ view plain ]
| 000 -LEADER | |
|---|---|
| fixed length control field | 00357nam a22001457a 4500 |
| 003 - CONTROL NUMBER IDENTIFIER | |
| control field | SGT |
| 020 ## - INTERNATIONAL STANDARD BOOK NUMBER | |
| International Standard Book Number | 978-81-312-3436-5 |
| 082 ## - DEWEY DECIMAL CLASSIFICATION NUMBER | |
| Classification number | 610.7 |
| Item number | P15P |
| 100 ## - MAIN ENTRY--PERSONAL NAME | |
| Personal name | POTTER, PATRICIA A. |
| 245 ## - TITLE STATEMENT | |
| Title | POTTER & PERRY'S FUNDAMENTALS OF NURSING |
| 250 ## - EDITION STATEMENT | |
| Edition statement | SOUTH ASIAN EDITION |
| 260 ## - PUBLICATION, DISTRIBUTION, ETC. (IMPRINT) | |
| Place of publication, distribution, etc | DELHI |
| Name of publisher, distributor, etc | ELSEVIER PUB. |
| Year of Publication | 2015 |
| 300 ## - PAGE DESCRIPTION | |
| No. of Pages | 1337 |
| 942 ## - ADDED ENTRY ELEMENTS (KOHA) | |
| Source of classification or shelving scheme | Dewey Decimal Classification |
| Koha item type | Books |
| 942 ## - ADDED ENTRY ELEMENTS (KOHA) | |
| -- | 73 |
| Withdrawn status | Lost status | Source of classification or shelving scheme | Damaged status | Not for loan | Collection code | Home library | Current library | Shelving location | Date acquired | Vendor Name | Cost, normal purchase price | SGTU | Bill Number | Total Checkouts | Full call number | Accession No. (Barcode) | Date last seen | Date last borrowed | Bill Date | Koha item type | Checked out |
|---|---|---|---|---|---|---|---|---|---|---|---|---|---|---|---|---|---|---|---|---|---|
| Dewey Decimal Classification | NURSING | SGT Medical Library | SGT Medical Library | Reference Book | 23/12/2015 | AHUJA BOOK COMPANY | 1695.00 | SGTU | 6070 | 30 | 610.7 P15P | FN2944 | 05/06/2026 | 01/06/2026 | 11/08/2015 | Books | |||||
| Dewey Decimal Classification | NURSING | SGT Medical Library | SGT Medical Library | Reference Book | 23/12/2015 | AHUJA BOOK COMPANY | 1695.00 | SGTU | 6070 | 15 | 610.7 P15P | FN2945 | 15/04/2025 | 07/04/2025 | 11/08/2015 | Books | |||||
| Dewey Decimal Classification | NURSING | SGT Medical Library | SGT Medical Library | Reference Book | 23/12/2015 | AHUJA BOOK COMPANY | 1695.00 | SGTU | 6070 | 28 | 610.7 P15P | FN2946 | 05/06/2026 | 25/05/2026 | 11/08/2015 | Books | |||||
| Long Overdue (Lost) | Dewey Decimal Classification | NURSING | SGT Medical Library | SGT Medical Library | Reference Book | 23/12/2015 | AHUJA BOOK COMPANY | 1695.00 | SGTU | 6070 | 1 | 610.7 P15P | FN2947 | 02/06/2022 | 02/06/2022 | 11/08/2015 | Books | 30/06/2022 | |||
| Dewey Decimal Classification | NURSING | SGT Medical Library | SGT Medical Library | Reference Book | 23/12/2015 | AHUJA BOOK COMPANY | 1695.00 | SGTU | 6070 | 20 | 610.7 P15P | FN2948 | 03/06/2026 | 21/05/2026 | 11/08/2015 | Books | |||||
| Dewey Decimal Classification | NURSING | SGT Medical Library | SGT Medical Library | Reference Book | 23/12/2015 | AHUJA BOOK COMPANY | 1695.00 | SGTU | 6070 | 31 | 610.7 P15P | FN2949 | 03/06/2026 | 02/06/2026 | 11/08/2015 | Books |